Sport: Vizemeister der Bundesliga - Sudden Death - Statistiken

Allgemein
  • Dieses Quiz wurde 1.070 mal gespielt
  • Das Durchschnittsergebnis liegt bei 7 aus 16
Answers on the Grid
Answers color-coded by a green-red scale on the quiz's grid according to % correct below.
FC Bayern München
MSV Duisburg
1.FC Köln
Borussia Dortmund
TSV 1860 München
SV Werder Bremen
Alemannia Aachen
FC Schalke 04
Borussia Mönchengladbach
Hertha BSC
Hamburger SV
VfB Stuttgart
1.FC Kaiserslautern
Bayer 04 Leverkusen
VFL Wolfsburg
RB Leipzig
VfL Bochum
Eintracht Frankfurt
Eintracht Braunschweig
Rot-Weiss Essen
1.FC Nürnberg
Hannover 96
Fortuna Düsseldorf
SC Freiburg
Karlsruher SC
Arminia Bielefeld
FC St. Pauli
Preußen Münster
1.FC Saarbrücken
Fortuna Köln
 
Antwortstatistiken
Antwort % Korrekt
1970, 1971, 1988, 1991, 1993, 1996, 1998, 2004, 2009, 2012 FC Bayern München
79%
1966, 1992, 2013, 2014, 2016, 2019, 2020, 2022, 2023 Borussia Dortmund
78%
1997, 1999, 2000, 2002, 2011, 2025 Bayer 04 Leverkusen
74%
1972, 1977, 2001, 2005, 2007, 2010, 2018 FC Schalke 04
71%
1979, 2003, 2024 VfB Stuttgart
61%
1976, 1980, 1981, 1984, 1987 Hamburger SV
56%
2017, 2021 RB Leipzig
56%
1974, 1978 Borussia Mönchengladbach
53%
1968, 1983, 1985, 1986, 1995, 2006, 2008 SV Werder Bremen
52%
1965, 1973, 1982, 1989, 1990 1.FC Köln
39%
2015 VFL Wolfsburg
29%
1994 1.FC Kaiserslautern
27%
1967 TSV 1860 München
13%
1975 Hertha BSC
11%
1964 MSV Duisburg
8%
1969 Alemannia Aachen
6%
Keine übereinstimmenden Quizze gefunden
Verteilung der Resultate
Anzahl Personen mit jedem Resultat
Perzentil nach korrekt beantworteten Fragen
Ihre Resultats-Entwicklung
Sie haben dieses Quiz noch nicht gespielt